000 00926nam a22002897a 4500
001 7158
003 FISKH
005 20250630133837.0
008 250630b cb ||||| |||| 00| 0 eng d
020 _a9780439710015
040 _aFISKH
_beng
_cFISKH
_dFISKH
050 _aPZ8.W698 N
082 _a257
100 _aWilson, Sarah
245 _aA nap in a lap /
_cSarah Wilson ; illustrated by Akemi Gutierrez
250 _aFirst Scholastic printing, October 2004
260 _aNew York ;
_bScholastic,
_c2003
300 _a36 unnumbered pages :
_bcolor illustrations ;
_c23 cm
505 _aE
520 _aBaby animals nap in interesting places, but a tired little girl and her puppy like to nap in a lap.
521 8 _a300
_bLexile estimate
521 8 _aE
_bRaz-Plus
650 _aNap time
_vPlaces to sleep
700 _aGutierrez, Akemi
_eillustrator
942 _2ddc
_cBK
_n0
999 _c7158
_d7158